Vista normal
Vista MARC
- SEGURIDAD HOTELERA
Entrada Topical Term
Número de registros utilizados en: 7
001 - CONTROL NUMBER
- control field: 11991
003 - CONTROL NUMBER IDENTIFIER
- control field: OSt
005 - DATE AND TIME OF LATEST TRANSACTION
- control field: 20160715104431.0
008 - FIXED-LENGTH DATA ELEMENTS
- fixed length control field: 160715|| aca||aabn | a|a d
040 ## - CATALOGING SOURCE
- Original cataloging agency: OSt
- Transcribing agency: OSt
150 ## - HEADING--TOPICAL TERM
- Topical term or geographic name entry element: SEGURIDAD HOTELERA
670 ## - SOURCE DATA FOUND
- Source citation: Work cat.: (OSt)7151: Ramírez Cavassa, César 893, Hoteles: gerencia, seguridad y mantenimiento